
Library Catalogue

| 000 -LEADER | |
|---|---|
| fixed length control field | 00883nam a22002177a 4500 |
| 003 - CONTROL NUMBER IDENTIFIER | |
| control field | OSt |
| 005 - DATE AND TIME OF LATEST TRANSACTION | |
| control field | 20260217092755.0 |
| 008 - FIXED-LENGTH DATA ELEMENTS--GENERAL INFORMATION | |
| fixed length control field | 190307b1990 ||||| |||| 00| 0 eng |
| 020 ## - INTERNATIONAL STANDARD BOOK NUMBER | |
| International Standard Book Number | 9780863771613 |
| 040 ## - CATALOGING SOURCE | |
| Transcribing agency | NLS |
| 082 ## - DEWEY DECIMAL CLASSIFICATION NUMBER | |
| Classification number | 155.418 GOO |
| 100 ## - MAIN ENTRY--PERSONAL NAME | |
| Personal name | Goodnow, Jacqueline J. |
| 245 ## - TITLE STATEMENT | |
| Title | Development according to parents : |
| Remainder of title | the nature, sources, and consequences of parents ideas / |
| Statement of responsibility, etc. | Jacqueline J. Goodnow and W. Andrews Collins |
| 260 ## - PUBLICATION, DISTRIBUTION, ETC. | |
| Place of publication, distribution, etc. | London : |
| Name of publisher, distributor, etc. | Psychology Press, |
| Date of publication, distribution, etc. | 1990. |
| 300 ## - PHYSICAL DESCRIPTION | |
| Extent | 200 p. ; |
| Dimensions | 23 cm. |
| 505 ## - FORMATTED CONTENTS NOTE | |
| Formatted contents note | • Descriptions By Content 15<br/>• The Sources of Parents Ideas 73<br/>• Emphasis on Parents 103<br/>• Emphasis on Children 127<br/>• Concluding Comments 155<br/>• References 163<br/>• Author Index 181<br/>• Subject Index 187<br/> |
| 650 ## - SUBJECT ADDED ENTRY--TOPICAL TERM | |
| Topical term or geographic name entry element | Child development |
| 650 ## - SUBJECT ADDED ENTRY--TOPICAL TERM | |
| Topical term or geographic name entry element | Parenting and families |
| 700 ## - ADDED ENTRY--PERSONAL NAME | |
| Personal name | Collins, Andrew W. |
| 942 ## - ADDED ENTRY ELEMENTS (KOHA) | |
| Source of classification or shelving scheme | Dewey Decimal Classification |
| Koha item type | BOOKs |
| Withdrawn status | Lost status | Source of classification or shelving scheme | Materials specified (bound volume or other part) | Damaged status | Not for loan | Home library | Current library | Shelving location | Date acquired | Source of acquisition | Cost, normal purchase price | Total Checkouts | Full call number | Barcode | Date last seen | Date last checked out | Price effective from | Koha item type |
|---|---|---|---|---|---|---|---|---|---|---|---|---|---|---|---|---|---|---|
| Dewey Decimal Classification | HB | . | . | NAB Compactor | 07.03.2018 | Purchased | 2683.00 | 2 | 155.418 GOO | 35974 | 21.03.2022 | 09.03.2022 | 07.03.2019 | BOOKs |